| 000 | 00995nam a22002897i 4500 | ||
|---|---|---|---|
| 003 | EG-ScBUE | ||
| 005 | 20260312094130.0 | ||
| 008 | 090302t1996 njua f b 001 0 eng d | ||
| 020 | _a0136494684 | ||
| 020 | _a9780136494683 | ||
| 040 |
_aEG-ScBUE _beng _erda _cEG-ScBUE _dEG-ScBUE |
||
| 082 | 0 | 4 |
_a553.28 _bLAU _222 |
| 100 | 1 |
_aLaudon, Robert C., _eauthor. |
|
| 245 | 1 | 0 |
_aPrinciples of petroleum development geology / _cprofessor Robert C. Laudon, University of Missouri, Rolla, Missouri. |
| 264 | 1 |
_aNew Jersey : _bPTR Prentice Hall, _c[1996] |
|
| 264 | 4 | _cc1996 | |
| 300 |
_axv, 267 pages : _billustrations ; _c20 cm. |
||
| 336 |
_2rdacontent _atext _btxt |
||
| 337 |
_aunmediated _2rdamedia _bn |
||
| 338 |
_avolume _bnc _2rdacarrier |
||
| 490 | 0 | _aPrentice Hall petroleum engineering series | |
| 504 | _aIncludes bibliographical references and index. | ||
| 650 | 7 |
_aPetroleum _xGeology. _2BUEsh |
|
| 650 | 7 |
_aPetroleum reserves. _2BUEsh |
|
| 655 | _vReading book | ||
| 942 |
_2ddc _cBB |
||
| 999 |
_c10983 _d10983 |
||